000 00460nam a2200193Ia 4500
008 210210b1910 xxu||||| |||| 00| 0 eng d
041 _aeng
082 _a825/934
100 _aWORDSWORTH (W)
245 _aPrefaces and essays on poetry
260 _aBoston
_bD C Heath and Company Publishers
_c1910
650 _aPrefaces
650 _apoetry
650 _aon
650 _aessays
650 _aand
690 _aEnglish Criticism
906 _a015250
999 _c134573
_d134573